Essentials of cost accounting (Record no. 142439)

MARC details
000 -LEADER
fixed length control field 00656nam a2200265Ia 4500
008 - FIXED-LENGTH DATA ELEMENTS--GENERAL INFORMATION
fixed length control field 210210b2009 xxu||||| |||| 00| 0 eng d
020 ## - INTERNATIONAL STANDARD BOOK NUMBER
International Standard Book Number 9788125928560
041 ## - LANGUAGE CODE
Language code of text/sound track or separate title eng
082 ## - DEWEY DECIMAL CLASSIFICATION NUMBER
Classification number 657.42 AROE
100 ## - MAIN ENTRY--PERSONAL NAME
Personal name ARORA (M N)
245 ## - TITLE STATEMENT
Title Essentials of cost accounting
260 ## - PUBLICATION, DISTRIBUTION, ETC.
Place of publication, distribution, etc. Noida
Name of publisher, distributor, etc. Vikas Publishing House Pvt Ltd.,
Date of publication, distribution, etc. 2009
300 ## - PHYSICAL DESCRIPTION
Extent v,325
650 ## - SUBJECT ADDED ENTRY--TOPICAL TERM
Topical term or geographic name entry element process costing
650 ## - SUBJECT ADDED ENTRY--TOPICAL TERM
Topical term or geographic name entry element of
650 ## - SUBJECT ADDED ENTRY--TOPICAL TERM
Topical term or geographic name entry element material cost
650 ## - SUBJECT ADDED ENTRY--TOPICAL TERM
Topical term or geographic name entry element labour cost
650 ## - SUBJECT ADDED ENTRY--TOPICAL TERM
Topical term or geographic name entry element job and batch costing
650 ## - SUBJECT ADDED ENTRY--TOPICAL TERM
Topical term or geographic name entry element Essentials
650 ## - SUBJECT ADDED ENTRY--TOPICAL TERM
Topical term or geographic name entry element cost
650 ## - SUBJECT ADDED ENTRY--TOPICAL TERM
Topical term or geographic name entry element contract costing
650 ## - SUBJECT ADDED ENTRY--TOPICAL TERM
Topical term or geographic name entry element accounting
690 ## - LOCAL SUBJECT ADDED ENTRY--TOPICAL TERM (OCLC, RLIN)
Topical term or geographic name as entry element Cost Accounting
906 ## - LOCAL DATA ELEMENT F, LDF (RLIN)
a 065243
Holdings
Withdrawn status Lost status Damaged status Not for loan Collection code Home library Current library Shelving location Date acquired Source of acquisition Cost, normal purchase price Total Checkouts Full call number Barcode Date last seen Price effective from Koha item type
          St Aloysius Library St Aloysius Library   02/17/2021 Knowledge World, Bangalore-18 220.00   657.42 AROE 065243 02/17/2021 02/17/2021 Book